000
00288nam a22001217a 4500
082
_a
658.2 BUR'E
100
_a
HOSKINS, G. O,BURNHAM, T. H
_9
60444
245
_a
ELEMENTS OF INDUSTRIAL ORGANIZATION
250
_a
6TH
260
_a
LONDON
_b
SIR ISAAC
_c
1958
300
_a
330P
942
_c
BK
999
_c
570159
_d
570159